000 00544nam a2200229Ia 4500
003 OSt
005 20221007082222.0
006 a|||||r|||| 00| 0
007 ta
008 221006b |||||||| |||| 00| 0 eng d
024 _a26,522
037 _cTextual
040 _aFLL
_cFLL
_beng
041 _2eng
_aeng
082 _aZ73:853y7, J2
100 _aBlume
245 0 _aPleading and joinder
260 _c1952
300 _axviii,1-684p
_ccm.
942 _hZ73:853y7, J2
_cTEXL
_2CC
999 _c1165710
_d1165710